000 00248 a2200073 4500
245 0 _aAnglo-russkij ucebnyj slovar' po avtomaticeskoj obrabotke informacii na EVM /
_c.
710 2 _aVisca Skola.
_eWydawca
_4pbl
260 _aKiev :
_bVisca Skola,
_c1985.
300 _a176 s.;
_c17 cm.
999 _c3095
_d3095